Missing Word: Movies, Books & Music (A) Quiz Stats

 Plays Quiz Updated Jul 18, 2018

Challenge
Share
Tweet
Embed
Score 0/21 Timer 02:00
0 Plays Today
Hint Answer % Correct
MoviesApes
96.9%
BooksAngels
96%
BooksAnd
95.6%
MusicAre
94.3%
BooksAnne
88.7%
MoviesAngry
88.1%
MusicAmazing
85.9%
MusicArgentina
84.7%
MoviesAct
81.3%
MoviesAttacks
75%
MoviesAvengers
72.9%
Hint Answer % Correct
MusicAway
72%
BooksApart
66%
MusicAlong
65.2%
MusicAnthem
63.2%
MoviesAction
62.1%
BooksAmerican
59.8%
MoviesAlexander
26.1%
MusicAbsolute
23.1%
BooksAmazons
16.5%
BooksAustralia
6%

Today's Daily Dose

You're not logged in!

Compare scores with friends on all Sporcle quizzes.
Join for Free
OR
Log In

You Might Also Like...

Show Comments

Extras

Top Quizzes Today


Score Distribution

Your Account Isn't Verified!

In order to create a playlist on Sporcle, you need to verify the email address you used during registration. Go to your Sporcle Settings to finish the process.

Report this User

Report this user for behavior that violates our Community Guidelines.

Details: